000 00335nam a22001217a 4500
008 230626b xxu||||| |||| 00| 0 eng d
082 _a331.6
_bAND
100 _cDr. Paris Andreou
245 _aContemporary Issues in
_bAgricultural and Economic Development of Poor Nations
260 _aEA
_bEA
_c1977
300 _a340P
942 _2ddc
_cBK
999 _c2710
_d2710